| 000 | 01090 a2200229 4500 | ||
|---|---|---|---|
| 003 | Nust | ||
| 005 | 20230908115826.0 | ||
| 020 | _c9780273786634 (paperback) | ||
| 035 | _aDAW26579669 | ||
| 040 | _cNust | ||
| 082 | 0 | 0 | _a658.3,TOR |
| 100 | 1 |
_aTorrington, Derek, _999655 |
|
| 245 | 1 | 0 |
_aHuman Resource Management / _cDerek Torrington, Laura Hall Strphen Taylor, Carol Atkinson |
| 250 | _aNinth edition. | ||
| 260 | _c2014 | ||
| 300 |
_axxi, 673 pages : _billustrations ; _c27 cm. |
||
| 505 | _aPart-1 Human Resource Management in Changing Times (Page-02), Part-2 Resourcing: getting people in the right places to do the right things (Page-88), Part-3 Performance: success through individual and collective achievement (Page-192), Part-4 Development (Page-252), Part-5 Employee Relations (Page-332), Part-6 Reward: The Contract for payment (Page-410), Part-7 Contemporary Issues (Page-470), Part-8 A Miscellany of HR Skills (Page-550). | ||
| 650 | 0 |
_aPersonaladministration _999656 |
|
| 650 | 0 | _aPersonnel management | |
| 650 | 0 |
_aPersonnel management. _9114491 |
|
| 942 |
_2ddc _cREF |
||
| 999 |
_c218181 _d218181 |
||